Statistics for All Cities in Washington

Click here to take the quiz!

General Stats

  • This quiz has been taken 495 times
    (493 since last reset)
  • The average score is 71 of 212

Answer Stats

HintAnswer% Correct
SSeattle
90%
SSpokane
89%
TTacoma
83%
YYakima
79%
OOlympia
77%
BBellevue
76%
VVancouver
75%
EEverett
74%
WWalla Walla
74%
BBellingham
70%
KKent
70%
RRenton
69%
AAberdeen
67%
KKennewick
65%
FFederal Way
63%
PPort Angeles
63%
IIssaquah
61%
RRedmond
61%
PPuyallup
60%
FForks
59%
MMarysville
59%
WWenatchee
58%
SSpokane Valley
57%
RRichland
56%
AAuburn
55%
KKirkland
55%
PPasco
55%
PPullman
55%
BBremerton
54%
EEllensburg
54%
BBothell
53%
PPort Townsend
51%
SSnohomish
51%
SSnoqualmie
51%
LLynnwood
50%
MMount Vernon
50%
AAnacortes
49%
LLongview
49%
SSeaTac
49%
SShoreline
49%
CCentralia
48%
LLong Beach
48%
AArlington
47%
EEdmonds
47%
LLeavenworth
47%
SSammamish
47%
SSequim
47%
MMoses Lake
46%
CChehalis
45%
LLakewood
45%
NNorth Bend
45%
OOak Harbor
45%
BBlaine
44%
DDes Moines
43%
OOcean Shores
43%
BBurien
42%
CCle Elum
42%
FFife
42%
RRitzville
42%
CChelan
41%
LLacey
40%
MMercer Island
40%
MMonroe
40%
MMukilteo
40%
BBurlington
39%
FFerndale
39%
KKelso
39%
TTukwila
39%
EEnumclaw
37%
MMaple Valley
37%
TTumwater
37%
CCamas
36%
CCheney
36%
GGig Harbor
36%
OOkanogan
36%
GGeorge
35%
MMountlake Terrace
35%
OOmak
35%
PPort Orchard
35%
PPoulsbo
35%
BBonney Lake
34%
WWoodinville
34%
GGold Bar
33%
HHoquiam
33%
LLynden
33%
SSunnyside
33%
YYelm
33%
BBainbridge Island
31%
NNewcastle
31%
NNewport
31%
QQuincy
31%
SSelah
31%
SShelton
31%
WWestport
31%
CCarnation
30%
LLake Stevens
30%
SSumner
30%
AAsotin
29%
CCovington
29%
EElma
29%
KKenmore
29%
PProsser
29%
SSedro-Woolley
29%
SSultan
29%
ZZillah
29%
OOthello
28%
RRainier
28%
RRaymond
28%
UUnion Gap
28%
BBattle Ground
27%
BBuckley
27%
CClarkston
27%
CColville
27%
DDuPont
27%
EEast Wenatchee
27%
MMontesano
27%
PPomeroy
27%
RRepublic
27%
TToppenish
27%
UUniversity Place
27%
DDuvall
26%
MMill Creek
26%
MMorton
26%
AAlgona
25%
BBenton City
25%
CCastle Rock
25%
CColfax
25%
DDeer Park
25%
EEphrata
25%
GGoldendale
25%
GGrandview
25%
NNapavine
25%
SStanwood
25%
WWashougal
25%
WWest Richland
25%
CCashmere
24%
IIlwaco
24%
MMedina
24%
PPacific
24%
TTenino
24%
AAirway Heights
23%
BBlack Diamond
23%
DDayton
23%
MMossyrock
23%
OOroville
23%
RRoslyn
23%
RRoy
23%
RRuston
23%
SSouth Bend
23%
SStevenson
23%
BBrier
22%
DDavenport
22%
LLa Center
22%
MMedical Lake
22%
MMilton
22%
OOrting
22%
RRidgefield
22%
SSoap Lake
22%
WWhite Salmon
22%
WWoodland
22%
BBrewster
21%
KKettle Falls
21%
KKittitas
21%
LLake Forest Park
21%
MMcCleary
21%
SSprague
21%
TToledo
21%
VVader
21%
CClyde Hill
20%
EElectric City
20%
GGrand Coulee
20%
LLiberty Lake
20%
NNormandy Park
20%
TTonasket
20%
CCosmopolis
19%
LLangley
19%
MMabton
19%
PPalouse
19%
SSumas
19%
WWapato
19%
CConnell
18%
GGranger
18%
CChewelah
17%
CCollege Place
17%
KKalama
17%
OOakville
17%
WWaitsburg
17%
GGranite Falls
16%
NNooksack
16%
PPateros
16%
BBingen
15%
BBridgeport
15%
EEverson
15%
FFircrest
15%
MMattawa
15%
MMoxee
15%
NNorth Bonneville
15%
RRoyal City
15%
TTieton
15%
WWinlock
14%
HHarrington
13%
KKahlotus
13%
SSpangle
13%
TTekoa
13%
WWoodway
13%
MMillwood
12%
EEdgewood
11%
WWarden
11%
MMesa
10%
RRock Island
10%
EEntiat
9%
PPrescott
9%

Score Distribution

Percentile by Number Answered

Percent of People with Each Score

Your Score History

You have not taken this quiz since the last reset